| 000 | 01112nam a2200289Ia 4500 | ||
|---|---|---|---|
| 003 | OSt | ||
| 005 | 20220923230950.0 | ||
| 006 | a|||||r|||| 00| 0 | ||
| 007 | ta | ||
| 008 | 220922b |||||||| |||| 00| 0 san d | ||
| 020 | _c325 | ||
| 024 | _a324,854 | ||
| 037 |
_b414, 13/03/2018, Eastern Book Linkers _cTextual |
||
| 040 |
_aARTS _cARTS _bsan |
||
| 041 |
_2san _asan |
||
| 082 | _aL, 152Q7 | ||
| 100 | _aसिंह, अलख नारायण, ले. | ||
| 245 | 0 | _aभेषजगुणविज्ञान | |
| 246 | _aBheṣhajaguṇavijnyāna | ||
| 260 |
_aवाराणसी _b चौखम्बा सुरभारती प्रकाशन _c2017 |
||
| 300 |
_a395पृ0 _ccm. |
||
| 490 | _aचौखम्बा आयुर्विज्ञान ग्रन्थमाला; 41 | ||
| 650 | _a औषधी शास्त्र | ||
| 650 |
_aचिकित्सा शास्त्र _9156276 |
||
| 942 |
_hL, 152Q7 _cTEXL _2CC |
||
| 999 |
_c388478 _d388478 |
||